| 000 | 00402nam a2200145Ia 4500 | ||
|---|---|---|---|
| 008 | 210210b2001 xxu||||| |||| 00| 0 eng d | ||
| 020 | _a81 901181 5 3 | ||
| 082 | _a574.88 AGRF | ||
| 100 | _aAGRAWAL (K C). | ||
| 245 | _aFundamentals of molecular biology and biotechnology. | ||
| 260 |
_aBikaner. _bNidhi Publishers (India) _c2001 |
||
| 300 | _a265 | ||
| 690 | _aMolecular Biology | ||
| 906 | _aSG03865 | ||
| 999 |
_c114880 _d114880 |
||